000 00445nam a2200169Ia 4500
008 230524s9999 xx 000 0 und d
082 _a510
_bDAS
100 _aMilan Sonka
_910347
245 0 _a"Image Processing, Analysis and Machine Vision"
250 _a12TH
260 _aNEW DELHI
_bVikas
_c2004
300 _a1152
500 _aQuantity Number: 1
650 _aComp-Sc
700 _a" Vaclav Halvac , R.Boyle,,,"
_910348
942 _cBK
999 _c14293
_d14293